Word Biblical commentary : (Record no. 5186)
[ view plain ]
| 000 -LEADER | |
|---|---|
| fixed length control field | 00918nam a22002657a 4500 |
| 003 - CONTROL NUMBER IDENTIFIER | |
| control field | AUA.1 |
| 005 - DATE AND TIME OF LATEST TRANSACTION | |
| control field | 20250929183008.0 |
| 008 - FIXED-LENGTH DATA ELEMENTS--GENERAL INFORMATION | |
| fixed length control field | 111220t xxu||||| |||| 00| 0 eng d |
| 010 ## - LIBRARY OF CONGRESS CONTROL NUMBER | |
| LC control number | 8171768 |
| 020 ## - INTERNATIONAL STANDARD BOOK NUMBER | |
| International Standard Book Number | 0849902231 |
| 040 ## - CATALOGING SOURCE | |
| Transcribing agency | FF |
| 050 ## - LIBRARY OF CONGRESS CALL NUMBER | |
| Classification number | BS491.2 |
| Item number | .W67 1985 |
| 100 ## - MAIN ENTRY--PERSONAL NAME | |
| Personal name | Watts, John D. W. |
| 9 (RLIN) | 17992 |
| 245 ## - TITLE STATEMENT | |
| Title | Word Biblical commentary : |
| Remainder of title | Isaiah 1-33 / |
| Statement of responsibility, etc | John D. W. Watts. |
| 260 ## - PUBLICATION, DISTRIBUTION, ETC. (IMPRINT) | |
| Place of publication, distribution, etc | Waco, Texas : |
| Name of publisher, distributor, etc | Word Books, |
| Date of publication, distribution, etc | c1985. |
| 300 ## - PHYSICAL DESCRIPTION | |
| Extent | lvii, 448 p. : |
| Dimensions | 24 cm. |
| 440 ## - SERIES STATEMENT/ADDED ENTRY--TITLE | |
| Title | Word Biblical commentary : |
| Number of part/section of a work | v.24 |
| 9 (RLIN) | 48969 |
| 504 ## - BIBLIOGRAPHY, ETC. NOTE | |
| Bibliography, etc | include bibliography and index. |
| 650 ## - SUBJECT ADDED ENTRY--TOPICAL TERM | |
| Form subdivision | Isaiah |
| General subdivision | Bible |
| Chronological subdivision | Commentaries |
| 9 (RLIN) | 17993 |
| 700 ## - ADDED ENTRY--PERSONAL NAME | |
| Personal name | Hubbard, David A. |
| 9 (RLIN) | 17994 |
| Relator code | General ed. |
| 700 ## - ADDED ENTRY--PERSONAL NAME | |
| Personal name | Barker, Glenn W. |
| Relator code | General ed. |
| 9 (RLIN) | 48970 |
| 700 ## - ADDED ENTRY--PERSONAL NAME | |
| Personal name | Watts, John, D. W. |
| Relator code | Old Testament ed. |
| 9 (RLIN) | 48971 |
| 700 ## - ADDED ENTRY--PERSONAL NAME | |
| Personal name | Martin, Ralph P. |
| Relator code | New Testament ed. |
| 9 (RLIN) | 48972 |
| 942 ## - ADDED ENTRY ELEMENTS (KOHA) | |
| Source of classification or shelving scheme | Library of Congress Classification |
| Koha item type | Reference Book |
| Classification part | BS 491.2 |
| Item part | .W67 1985 |
| Withdrawn status | Lost status | Source of classification or shelving scheme | Damaged status | Not for loan | Collection code | Home library | Current library | Shelving location | Date acquired | Source of acquisition | Cost, normal purchase price | Serial Enumeration / chronology | Total Checkouts | Full call number | Barcode | Date last seen | Copy number | Cost, replacement price | Price effective from | Koha item type |
|---|---|---|---|---|---|---|---|---|---|---|---|---|---|---|---|---|---|---|---|---|
| Library of Congress Classification | Reference Shelves | Judith Thomas Library | Judith Thomas Library | Reference Books | 20/12/2011 | Bought by JTL | 25.00 | AUA006004 | BS 491.2 .W67 1985 | AUA006004 | 20/12/2011 | v.24 | 25.00 | 20/12/2011 | Reference Book |